Pere Gimferrer [Enregistrament sonor] / Pere Gimferrer
ISBN:
84-931497-0-5
Descripción Física:
1 disc òptic (CD) ca. 25 min + llibret [31] p. : il. ; 14 x 15 cm ; dins 1 contenidor
Colección:
Poesia / Zanfonia
Materias:
Gimferrer, Pere -- Poesia
MARC
| LEADER | 00000nam a2200000Ia 4500 | ||
|---|---|---|---|
| 001 | 14411 | ||
| 008 | 160829s2000 xx 000 0 cat d | ||
| 020 | |a 84-931497-0-5 | ||
| 080 | |a CD-1-42 | ||
| 100 | |a Gimferrer, Pere |9 22498 | ||
| 245 | |a Pere Gimferrer [Enregistrament sonor] / Pere Gimferrer | ||
| 260 | |a Barcelona : |b Zanfonia, |c 2000 | ||
| 300 | |a 1 disc òptic (CD) ca. 25 min + llibret [31] p. : |b il. ; |c 14 x 15 cm ; |c dins 1 contenidor | ||
| 490 | |a Poesia / Zanfonia | ||
| 590 | |a Breu introducció biogràfica per Ana Ma Moix. Lectura: Pere Arquillué. Direcció d'intèrprets: Esther Formosa. Sel·lecció de poemes: Ana Ma Moix. Música original: Eric Satie, interpretada per Josep Ma Escribano | ||
| 650 | |a Gimferrer, Pere |x Poesia |9 22499 | ||
| 700 | |a Moix, Ana María, |d 1947-2014 |9 34527 | ||
| 700 | |a Arquillué, Pere |9 22500 | ||
| 700 | |a Escribano, Josep Maria |9 22501 | ||
| 901 | |a Arxiu | ||
| 942 | |n 1 | ||
| 952 | |0 0 |1 0 |4 0 |6 CD142 |7 1 |9 42241 |a Arxiu |b Arxiu |d 2016-12-01 |l 0 |o CD-1-42 |p 14411 |r 2016-12-01 00:00:00 |w 2016-12-01 |y ARXIU | ||
| 999 | |c 44688 |d 44688 | ||